[Event "VIE-ch U07"]
[Site "Ho Chi Minh City"]
[Date "2014.07.15"]
[Round "5"]
[White "Le, Trung Phong"]
[Black "Tong, Hai Anh"]
[Result "0-1"]
[WhiteElo "1377"]
[BlackElo "1414"]
[PlyCount "53"]
[EventDate "2014.07.13"]
[EventType "swiss"]
[EventRounds "9"]
[EventCountry "VIE"]
[SourceTitle "EXT 2016"]
[Source "ChessBase"]
[SourceDate "2015.10.08"]
[SourceVersion "1"]
[SourceVersionDate "2015.10.08"]
[SourceQuality "1"]

1. e4 c6 2. d4 d5 3. exd5 cxd5 4. Bd3 Nf6 5. c3 Nc6 6. Bf4 Bg4 7. f3 Bh5 8. Ne2 e6 9. 0-0 Bd6 10. Bxd6 Qxd6 11. Nd2 0-0 12. Qc2 Rac8 13. Ng3 Bg6 14. f4 Nxd4 15. Qb1 Nc6 16. f5 exf5 17. Bxf5 Bxf5 18. Qxf5 d4 19. cxd4 Qxd4+ 20. Rf2 Ng4 21. Nde4 Nxf2 22. Qxf2 Qxf2+ 23. Kxf2 Nd4 24. Rd1 Rfd8 25. Re1 Rc2+ 26. Ne2 Nxe2 27. Rxe2 0-1